000 01523nam a2200373 a 4500
001 ebr10681008
003 CaPaEBR
006 m u
007 cr cn|||||||||
008 100624s2011 nyua sb 001 0 eng d
010 _z 2010026191
020 _z9781617289804 (hardcover)
020 _z9781617611629 (e-book)
040 _aCaPaEBR
_cCaPaEBR
035 _a(OCoLC)775352361
050 1 4 _aQC981.8.G56
_bG5819373 2011eb
082 0 4 _a551.6
_222
245 0 0 _aGlobal warming in the 21st century
_h[electronic resource] /
_cJuliann M. Cossia, editor.
246 3 _aGlobal warming in the twenty-first century
260 _aNew York :
_bNova Science Publishers, Inc.,
_cc2011.
300 _axi, 233 p. :
_bill. (some col.).
490 1 _aClimate change and its causes, effects and prediction
504 _aIncludes bibliographical references and index.
533 _aElectronic reproduction.
_bPalo Alto, Calif. :
_cebrary,
_d2013.
_nAvailable via World Wide Web.
_nAccess may be limited to ebrary affiliated libraries.
650 0 _aGlobal warming.
650 0 _aClimatic changes.
650 0 _aPlants
_xEffect of global warming on.
650 0 _aGreenhouse effect, Atmospheric.
655 7 _aElectronic books.
_2local
700 1 _aCossia, Juliann M.
710 2 _aebrary, Inc.
830 0 _aClimate change and its causes, effects, and prediction series.
856 4 0 _uhttp://site.ebrary.com/lib/rucke/Doc?id=10681008
_zAn electronic book accessible through the World Wide Web; click to view
999 _c157024
_d157024